000 00949nam a2200193Ia 4500
999 _c9720
_d9720
005 20250622112733.0
008 231011s9999 xx 000 0 und d
040 _aUPAN
_cBiblioteca San Vicente
_eRCAA2
041 _aspa
082 _a332.042
_bM565m
_c2017
110 _aMinisterio de Hacienda
_4aut.
245 0 _aManual de clasificación para las transacciones financieras del sector público./
_cMinisterio de Hacienda
260 _aEl Salvador:
_bDirección General del Presupuesto,
_c2017
300 _a306 p.;
_c28 cm.
505 _a1. Clasificador presupuestario de ingresos, 2. Clasificador presupuestario de gastos, 3. Clasificador económico de ingresos, 4. Clasificador económico de gastos, 5. Clasificador por tipo de gasto, 6. Clasificador funcional del gasto público, 7. Clasificador institucional del sector público
650 _2LEMB
_vManual
_xCompromiso (derecho)
650 _2LEMB
_xFinanzas
942 _cBK
_2ddc